| 000 | 00760cam a22002291 4500 | ||
|---|---|---|---|
| 999 |
_c127056 _d127056 |
||
| 001 | 283010 | ||
| 003 | ARRUPE | ||
| 005 | 20171006110730.0 | ||
| 008 | 811201s1968 cau b 000 0 eng | ||
| 010 | _a 67020368 | ||
| 040 |
_aDLC _cDLC _dDLC _dOCoLC |
||
| 050 | 0 | 0 |
_aPN501 _b.I5 |
| 082 | 0 | 0 |
_a809 _219 |
| 245 | 0 | 0 |
_aIntroductory readings in literary criticism _cJoyce S. Steward and Eva M. Burkett. |
| 260 |
_aCalifonia _bAddison-Wesley Pub. Co., _c1968 |
||
| 300 |
_aviii, 344 p. _c23 cm. |
||
| 504 | _aBibliographical footnotes. | ||
| 650 | 0 |
_aLiterature _xAddresses _936759 |
|
| 700 | 1 |
_aSteward, Joyce S. _936760 |
|
| 700 | 1 |
_aBurkett, Eva Mae. _936761 |
|
| 906 |
_a7 _bcbc _corignew _d1 _eocip _f19 _gy-gencatlg |
||
| 942 |
_2lcc _cMONOGRAPH |
||